Osobitosti školského systému v Anglicku, Írsku a Škótsku akcentácia jedinečnosti škôl v Spojenom kráľovstve Veľkej Británie

Pohľad na jednotlivé vzdelávacie systémy v Anglicku, Írsku a Škótsku. Vzdelávanie v rámci EÚ a jeho význam pri sociálnej integrácii človeka. Zamestnanosť a zamestnateľnosť ako faktory sociálnej inklúzie.

Uložené v:
Podrobná bibliografia
Hlavný autor: Soroková, Tatiana
Médium: Kapitola
Jazyk:Slovak
Predmet:
Tagy: Pridať tag
Žiadne tagy, Buďte prvý, kto otaguje tento záznam!

MARC

LEADER 00000naa a2200000 4500
001 0151457
005 20231127102610.9
041 0 |a slo 
044 |a SK 
245 1 0 |a Osobitosti školského systému v Anglicku, Írsku a Škótsku  |b akcentácia jedinečnosti škôl v Spojenom kráľovstve Veľkej Británie  |c Tatiana Soroková 
520 |a Pohľad na jednotlivé vzdelávacie systémy v Anglicku, Írsku a Škótsku. Vzdelávanie v rámci EÚ a jeho význam pri sociálnej integrácii človeka. Zamestnanosť a zamestnateľnosť ako faktory sociálnej inklúzie. 
610 2 0 |a školstvo 
610 2 0 |a školy 
610 2 0 |a sústava výchovno-vzdelávacia 
610 2 0 |a politika školská 
610 2 0 |a Veľká Británia 
610 2 0 |a Írsko 
610 2 0 |a Škótsko 
100 1 |a Soroková, Tatiana